| 000 | 00352nam a2200133Ia 4500 | ||
|---|---|---|---|
| 008 | 240624s9999 xx 000 0 und d | ||
| 041 | _aeng | ||
| 082 | _a658.4063 ORM | ||
| 100 | _aORAM MIKE | ||
| 245 | _aRE ENGINEERINGS MISSING INGREDIENT THE H | ||
| 260 |
_c1997 _aMumbai _bJaico Publishing House |
||
| 300 | _aviii, : 248 : p. : cm. ; 25 | ||
| 365 | _cRS | ||
| 999 |
_c762 _d762 |
||